1305 1859 1236 1480 1998 1046 1950 1997 1941 1949 1705 1146 1582 1204 1966 1477 1995 1488 1470 1742 1089 1957 1786 1956 1923 1785 1727 1727 1793 1560 1469 1028 1373 1695 1485 1309 1224 1614 1219 1736 1473 1771 1452 1508 1428 1002 1105 1361 1547 1320 1491 1607 1896 1725 1791 1258 1982 1463 1526 1677 1039 1852 1710 1622 1268 1290 1572 1475 1118 1583 1660 1172 1871 1074 1607 1351 1431 1791 1416 1398 1356 1443 1585 1396 1117 1612 1821 1418 1420 1087 1243 1673 1642 1815 1877 1741 1901 1160 1101 BCNSPRNW ULIB Ver.6.0+V

เปลี่ยนเป็นภาษาไทย

Change to English
 แสดงรายละเอียดบรรณานุกรม
  กลับหน้าหลัก

Brief Record : Get Marc (ISO 2709) : E-mail record : QR code < ปิดหน้าต่าง
LEADER : 00000nam 2200000uu 4500
001    13399123058
003     ULIB
008    131219s||||||||th 000 0 tha d
020    ^a9749984854
090    ^aนว.^bณ111ล 2549
100 0  ^aฌามิวอาห์
245 00 ^aลานแก้ว...มันตรา/^cฌามิวอาห์
250    ^aพิมพ์ครั้งที่ 1
260    ^aกรุงเทพฯ :^bแจ่มใส^c2549
300    ^a349 หน้า
710 1  ^aแจ่มใส
945    ^p219^l0^i019598
999    ^aเกษร โพธิ์สุวรรณ
รายการนี้ยังไม่มีแท็ก
คุณยังไม่ได้ล็อกอิน คุณสามารถมีกิจกรรมร่วมกับเว็บไซต์ได้ แต่ต้องล็อกอินก่อน ::
  ล็อกอิน

รายการสื่อสารสนเทศ

ลำดับที่ ประเภท เลขเรียก/บาร์โค้ด สถานที่ สถานะ
1. วิทยาศาสตร์การแพทย์ และสุขภาพ
วิทยาศาสตร์การแพทย์ และสุขภาพ
นว. ณ111ล 2549  
  Barcode: 019598
ห้องสมุดวิทยาเขตสวรรค์ประชารักษ์
►หนังสือทั่วไป
บนชั้น

รายการใกล้เคียง
    ผู้แต่ง [ฌามิวอาห์]

BibComment


ยังไม่เคยถูกคอมเมนท์

คอมเมนท์ทรัพยากรรายการนี้
  คอมเมนท์: ลานแก้วมันตรา ฌา..


 Copyright 2026. Bcnsprnw @Library